Zváranie pri údržbe a opravách zborník prednášok z 10. seminára ESAB + MtF - STU + SZS v rámci cyklu seminárov o zváraní a zvariteľnosti : Trnava, 4. apríla 2006

Bibliographic Details
Corporate Author: Zváranie pri údržbe a opravách Trnava, Slovensko
Other Authors: Janota, Martin, 1939- (Compiler)
Format: Conference Proceeding Book
Language:Slovak
Czech
Published: Bratislava [Slovenská zváračská spoločnosť] 2006
ISBN:8096939351 (brož.)
Edition:1. vyd.
Subjects:

MARC

LEADER 00000nam a2200000 a 4500
001 vtls008963393
003 SK-MaSNL
005 20260301101834.0
008 250414s2006 xo ol f a 100 0 slo
015 |a SNBA2007/07-02763 
020 |a 8096939351 (brož.) 
035 |a 688bd34b-1e08-4bc5-8180-9f415af997ff 
035 |a urn:nbn:sk:snk-amjtkm 
035 |a urn:nbn:sk:snk:ar-a0c50q 
040 |a SNK  |b slo  |c SNK  |e AACR2 
041 0 |a slo  |a cze  |b slo  |b cze 
044 |a xo  |c SK 
072 7 |a 621  |x Strojárstvo  |2 konspekt 
080 |a 621.791  |2 2001 
080 |a 658.58  |2 2001 
080 |a (063)  |2 2001 
080 |a 621.791.03  |2 2001 
111 2 |a Zváranie pri údržbe a opravách  |n (10. :  |d 2006 :  |c Trnava, Slovensko)  |9 436692 
245 0 0 |a Zváranie pri údržbe a opravách  |b zborník prednášok z 10. seminára ESAB + MtF - STU + SZS v rámci cyklu seminárov o zváraní a zvariteľnosti : Trnava, 4. apríla 2006  |c [zostavil: Martin Janota] 
250 |a 1. vyd. 
260 |a Bratislava  |b [Slovenská zváračská spoločnosť]  |c 2006 
366 |e 130 výtl. 
500 |a Vyd. Ústav vedecko-technických informácií pre Pôdohospodárstvo, Nitra, Vydavateľstvo NOI, ako účelovú publ. pre ESAB Slovakia, Bratislava 
500 |a Vydavateľstvo uvedené podľa ISBN 
504 |a Bibliogr. odkazy 
546 |a Čiast. text čes. Res. slov. a čes. 
650 0 7 |a zváranie  |2 SNKPH  |9 1839 
650 0 7 |a Welding  |2 SNKPHeng  |9 267090 
650 0 7 |a Maintenance and repair  |2 SNKPHeng  |9 286963 
650 0 7 |a opravy a údržba  |2 SNKPH  |9 67615 
650 0 7 |a zváracia technika  |2 SNKPH  |9 68011 
650 0 7 |a Welding machines  |2 SNKPHeng  |9 301740 
655 7 |a zborníky konferencií  |2 SNKPH  |9 70153 
655 7 |a Proceedings of conferences  |2 SNKPHeng  |9 265791 
655 7 |a issue_zb  |2 SNK  |9 276493 
700 1 |a Janota, Martin,  |d 1939-  |4 com  |9 162307 
852 |a Slovenská národná knižnica 
919 |a 80-969393-5-1 
954 |a odborná, vedecká literatúra pôvodná (slovenská)  |2 lita 
954 |a odborná, vedecká literatúra cudzojazyčná (svetová)  |2 lita 
958 |a ART 
958 |a NB 
958 |a OND 
968 |d 62 
999 |c 690484  |d 692414 
952 |a SNK  |b SNK  |y PREZ  |7 0  |p 17A0549968  |o snkSB 74202  |i snk2007/9972  |8 0  |0 0  |1 0  |4 0  |d 2007-04-12  |f 1  |l 0  |r 2025-04-24 00:00:00  |w 2026-02-23 
952 |a SNK  |b SNK  |y VYP  |7 0  |p 17A0549969  |o snkSB 74202 D1  |i snk2007/9973  |8 0  |0 0  |1 0  |4 0  |d 2007-04-12  |l 0  |r 2016-06-30 00:00:00  |w 2026-02-23